Halk hikâyeleri / (Record no. 15851)

MARC details
000 -BAŞLIK
Sabit Uzunlukta Kontrol Alanı 00895nam a22002297a 4500
999 ## - SİSTEM KONTROL NUMARALARI (KOHA)
Koha Biblionumber 15851
Koha Biblioitemnumber 15851
003 - KONTROL NUMARASI IDENTIFIER
Denetim Alanı MIRAKIL
005 - SON İŞLEM TARİHİ VE ZAMANI
Denetim Alanı 20240401135612.0
008 - SABİT-BOY VERİ ELEMANLARI - GENEL BİLGİLER
Sabit Uzunlukta Kontrol Alanı 240401b tu ||||| |||| 00| 0 tur d
020 ## - ULUSLARARASI STANDART KİTAP NUMARASI
Uluslararası Standart Kitap Numarası 9789751620330
040 ## - KATALOGLAMA KAYNAK
Orijinal Kataloglama Ajansı TR-AnCHP
Metne Dönüştürmek Ajansı TR-AnCHP
041 ## - DİL KODU
Metin / Ses Parça Veya Ayrı Başlığın Dil Kodu tur
082 ## - DEWEY ONLU SINIFLANDIRMA NUMARASI
Sınıflandırma Numarası 398.2
Ürün Numarası T27a 2020
100 ## - ANA GİRİŞ - KİŞİSEL İSİM
Kişisel Ad Taşlıova, Şeref
245 10 - BAŞLIK TABLOSU
Başlık Halk hikâyeleri /
Sorumluluk Tablosu, Vb yayıma hazırlayanlar: Fikret Türkmen, Nail Tan, Mete Taşlıova
260 ## - YAYIN, DAĞITIM, VB
Yayın, Dağıtım, Vb Yeri Ankara :
Yayıncı, Dağıtıcı, Vs Adı Türk Dil Kurumu,
Yayın, Dağıtım, Vb Tarihi 2020.
300 ## - FİZİKSEL TANIM
Kapsam 603 s. :
Diğer Fiziksel Ayrıntıları fotoğ. ;
Boyutlar 21 cm
490 0# - SERİSİ TABLOSU
Seri Beyanı Atatürk Kültür, Dil ve Tarih Yüksek Kurumu Türk Dil Kurumu Yayınları ;
Hacim / Ardışık Tanımı 931.
490 0# - SERİSİ TABLOSU
Seri Beyanı Türk Dünyası Destanlarının Tespiti, Türkiye Türkçesine Aktarılması ve Yayınlanması Projesi ;
Hacim / Ardışık Tanımı 27.
650 #0 - KONU KATMA GİRİŞ - TOPİKAL DÖNEM
9 (RLIN) 6003
Topikal Süreli Veya Coğrafi Ad Giriş Elemanı Halk edebiyatı
856 ## - ELEKTRONİK YER VE ERİŞİM
Kamu Notu Dijital Nüshası için Partimizin Kütüphane Sorumlusu ile iletişime geçiniz.
942 ## - EKLENDİ GİRİŞ ELEMANLARI (KOHA)
Sınıflandırma Veya Raf Düzeni Kaynak Dewey Decimal Classification
Koha Öğesi Türü Books
Holdings
Kalıcı Konum Mevcut Konum Edinme Tarihi Toplam Check-Out'Lar Tam Çağrı Numarası Barkod Tarih Son Görülme İtibaren Geçerli Fiyatlar Koha Öğesi Türü
CHP Kütüphanesi CHP Kütüphanesi 04/01/2024   398.2 T27a 2020 21802 04/01/2024 04/01/2024 Books